Pulitzer Prize Winners (Drama) Quiz Stats

Quiz Updated Apr 11, 2017

Challenge
Share
Tweet
Embed
Score 0/86 Timer 12:00
0 Plays Today
Year Work % Correct
2016Hamilton
72.5%
1949*Death of a Salesman
72%
1948A Streetcar Named Desire
66.4%
1955Cat on a Hot Tin Roof
61.5%
1938Our Town
60.7%
1996*Rent
53.2%
1987*Fences
47.6%
1957*Long Day's Journey Into Night
45.5%
1950*South Pacific
43.7%
2013Disgraced
43.2%
2005*Doubt: A Parable
41.5%
1984Glengarry Glen Ross
39.4%
2014The Flick
39.1%
2017Sweat
37.2%
1953Picnic
34.4%
1976*A Chorus Line
33.5%
2001*Proof
33.4%
2008*August: Osage County
31.6%
1999Wit
30.8%
2011Clybourne Park
29%
1937You Can't Take it With You
28.8%
1943The Skin of Our Teeth
27.9%
1922Anna Christie
27.8%
1993*Angels in America: Millennium Approaches
27.6%
1991*Lost in Yonkers
27.5%
1990The Piano Lesson
27.4%
1989*The Heidi Chronicles
26%
1985Sunday in the Park with George
25.6%
2009Ruined
25.4%
Year Work % Correct
1983'night, Mother
25.3%
1988Driving Miss Daisy
25%
2010Next to Normal
24.6%
1994Three Tall Women
24.5%
1979Buried Child
23.9%
1998How I Learned to Drive
23.8%
2007Rabbit Hole
23.7%
1918Why Marry?
23.7%
2015Between Riverside and Crazy
23.6%
1932Of Thee I Sing
23.4%
1920Beyond the Horizon
23.3%
1975Seascape
23.2%
1959*J.B.
23.2%
2002Topdog/Underdog
23%
1928Strange Interlude
22.8%
1945Harvey
22.5%
1960*Fiorello!
22.2%
1962*How to Succeed in Business Without Really Trying
21.9%
2012Water by the Spoonful
21.3%
1956*The Diary of Anne Frank
20.9%
1981Crimes of the Heart
20.5%
1967A Delicate Balance
20.3%
1921Miss Lulu Bett
19.8%
1939Abe Lincoln in Illinois
19%
1923Icebound
18.7%
2004*I Am My Own Wife
18.7%
1973*That Championship Season
18.6%
1971The Effect of Gamma Rays on Man-in-the-Moon Marigolds
18%
1929Street Scene
18%
Year Work % Correct
1924Hell-Bent Fer Heaven
17.5%
2000Dinner With Friends
17.3%
1940The Time of Your Life
17.2%
1977*The Shadow Box
17.2%
1925They Knew What They Wanted
17%
1969*The Great White Hope
16.9%
1958Look Homeward, Angel
16.9%
1965*The Subject Was Roses
16.8%
1952The Shrike
16.5%
1978The Gin Game
16.4%
1954*The Teahouse of the August Moon
16.3%
2003Anna in the Tropics
16.3%
1926Craig's Wife
16%
1936Idiot's Delight
15.9%
1927In Abraham's Bosom
15.9%
1992The Kentucky Cycle
15.4%
1930The Green Pastures
15%
1935The Old Maid
14.9%
1946State of the Union
14.9%
1980Talley's Folly
14.7%
1931Alison's House
14.7%
1934Men in White
14.7%
1933Both Your Houses
14.2%
1941There Shall Be No Night
14.1%
1982A Soldier's Play
13.2%
1995The Young Man From Atlanta
12.9%
1961All the Way Home
12.6%
1970No Place to be Somebody
11.8%

You're not logged in!

Compare scores with friends on all Sporcle quizzes.
Sign Up with Email
OR
Log In

You Might Also Like...

Show Comments

Extras

Top Quizzes Today


Score Distribution

Your Account Isn't Verified!

In order to create a playlist on Sporcle, you need to verify the email address you used during registration. Go to your Sporcle Settings to finish the process.